Học để dạy học trong một xã hội tri thức : Nghiên cứu về Việt Nam

Zapisane w:
Opis bibliograficzny
1. autor: Huang, Sandra S
Format: Książka
Wydane: Ngân hàng thế giới 2005
Etykiety: Dodaj etykietę
Nie ma etykietki, Dołącz pierwszą etykiete!
Thư viện lưu trữ: Mạng thư viện Đại học Đà Nẵng
LEADER 00592nam a2200217 a 4500
001 000029814
003 34973
005 20171030145630.0
008 171030s2005
040 |a LTT 
082 0 |a 370.11  |b HU-S 
100 1 |a Huang, Sandra S 
245 0 0 |a Học để dạy học trong một xã hội tri thức : Nghiên cứu về Việt Nam  |c Sandra S. Huang. 
260 |b Ngân hàng thế giới  |c 2005 
OWN |a LTT 
999 |a From the UDN01 
TYP |a Monograph 
TYP |a Printed language 
980 |a Mạng thư viện Đại học Đà Nẵng